000 00992nam a2200289 i 4500
001 186140
003 SpMaBN
005 20231201204943.0
008 160912s2013 sp f |||| |bspa d
020 _a978-84-940412-9-7
080 _a75 Varo, Remedios
245 0 0 _aRemedios Varo
_b: caminos del conocimiento, la creación y el exilio /
_cMaría José González Madrid y Rosa Rius Gatell, (editoras).
250 _a1ª ed.
260 _aMadrid :
_bEutelequia,
_c2013.
300 _a225 p., [32] p. de lám. col. ;
_c21 cm.
490 1 _aEutelequia.
_aEnsayo ;
_v16
500 _aCronología.
500 _aÍndice.
504 _aBibliografía: p. 209-217.
600 1 7 _aVaro, Remedios.
_9113239
700 1 _aGonzález Madrid, María José.
_9160810
700 1 _aRius Gatell, Rosa.
_9160811
830 0 _aEutelequia.
_aEnsayo ;
_v16
_9225348
852 _aES-MaACL
_jA-13838
_9193192
_bR.151117
_cDEPO1
_dOlim: N-6838
942 _2udc
_cMONOGRAFIA
999 _c186140
_d186140